96 - Né(es) un 6 avril - Statistiques

Statistiques générales
  • Ce quiz a été pris 5 fois
  • Le résultat moyen est 3 sur 9
Statistiques - réponses
Hint Année de naissance Réponse % Correct
Peintre italien. Connu pour "La Fornarina", "L'École d'Athènes", "La Résurrection du Christ", "La Madone Pasadena". 1483 Raphaël|Raffaello Sanzio
100%
Réalisateur français. Connu pour Good Morning, Vietnam (1987), Rain Man (1988) et Sleepers (1996). 1942 Barry Levinson
50%
Peintre et graveur français. Connu pour "Œdipe et le Sphinx". Considéré comme l'un des principaux représentants du courant symboliste en peinture. 1826 Gustave Moreau
50%
Roi mérovingien des Francs (Austrasie) de 575 à 596. 570 Childebert II
25%
Homme d'affaires allemand. Créa une marque de voitures qui portera le nom de sa fille. 1853 Emil Jellinek
25%
Photographe et caricaturiste français. Connu pour sa série de portraits photographiques de personnalités contemporaines (politiques notamment). 1820 Nadar|Félix Tournachon
25%
Acteur américain. Vu dans "Clueless", "40 ans, toujours puceau", "En cloque, mode d'emploi", "Prince of Texas". Ainsi que dans les séries "Friends", "Living with Yourself", "Only Murders in the Building". 1969 Paul Rudd
25%
Chancelier fédéral d'Allemagne de 1966 à 1969. 1904 Kurt Georg Kiesinger
0%
Président de la république de l'Équateur de 2007 à 2017. 1963 Rafael Vicente Correa Delgado|Rafael Correa
0%
Aucun quiz correspondant
Distribution des résultats
% des personnes avec chaque résultat
Percentile par nombre de réponses
Votre historique - résultats
Vous n’avez pas pris ce quiz